[Event "Redbull chessmasters 2019"]
[Site "Istambul"]
[Date "2019.11.24"]
[Round "1.1"]
[White "Aliakbarov, Anar"]
[Black "Kilic, Ihsan"]
[Result "1-0"]
[WhiteElo "2219"]
[BlackElo "1941"]
[Annotator "ChessBase"]
[PlyCount "53"]
[EventDate "2019.11.23"]
[EventType "k.o."]
[EventCountry "TUR"]
[SourceTitle "playchess.com"]
[Source "ChessBase"]
[SourceQuality "1"]
[TimeControl "600+5"]

1. d4 d5 2. c4 e6 3. cxd5 exd5 4. Nc3 Nf6 5. Bg5 Be7 6. e3 O-O 7. Bd3 Nbd7 8. Nge2 b6 9. O-O Bb7 10. Qc2 h6 11. Bh4 a6 12. f3 c5 13. Rad1 Rc8 14. Rfe1 Re8 15. h3 b5 16. dxc5 Rxc5 17. a3 Qa8 18. Nd4 Bf8 19. Kh1 Rcc8 20. Bf5 Rc4 21. Bd3 Rcc8 22. Qf2 Be7 23. Nf5 Bxa3 24. bxa3 Rxc3 25. Qg3 g6 26. Nxh6+ Kf8 27. Nxf7 1-0

[Event "Redbull chessmasters 2019"]
[Site "Istambul"]
[Date "2019.11.24"]
[Round "1.3"]
[White "Kesgin, Halit Kaan"]
[Black "Tofan, Ismail"]
[Result "0-1"]
[WhiteElo "2061"]
[BlackElo "1685"]
[Annotator "NA"]
[PlyCount "76"]
[EventDate "2019.11.23"]
[EventType "k.o."]
[EventCountry "TUR"]
[SourceTitle "playchess.com"]
[Source "ChessBase"]
[SourceQuality "1"]
[TimeControl "600+5"]

1. e4 d6 2. d4 Nf6 3. Nc3 Nbd7 4. Nf3 e5 5. Bc4 Be7 6. O-O h6 7. Re1 c6 8. a4 O-O 9. h3 Qc7 10. Ba2 Re8 11. Be3 Nf8 12. Qd2 Be6 13. d5 cxd5 14. exd5 Bf5 15. Nb5 Qb8 16. c4 Ne4 17. Qc1 Nd7 18. b4 Rc8 19. Qb2 a6 20. Nc3 Nxc3 21. Qxc3 b5 22. Rac1 bxc4 23. Bxc4 Nb6 24. Qb3 Qb7 25. Bxb6 Qxb6 26. a5 Qb7 27. Bf1 Rab8 28. Rxc8+ Rxc8 29. Bd3 Bxd3 30. Qxd3 Qxb4 31. Qxa6 Rc5 32. Qa8+ Bf8 33. Ra1 e4 34. Nh4 e3 35. Nf5 exf2+ 36. Kh1 Qf4 37. Ne7+ Kh7 38. Qxf8 f1=Q+ 0-1

[Event "Redbull chessmasters 2019"]
[Site "Istambul"]
[Date "2019.11.24"]
[Round "1.4"]
[White "Ozdemir, Cemre"]
[Black "Yildiz Kadioglu, Betul Cemre"]
[Result "0-1"]
[WhiteElo "1326"]
[BlackElo "2338"]
[Annotator "TA"]
[PlyCount "42"]
[EventDate "2019.11.23"]
[EventType "k.o."]
[EventCountry "TUR"]
[SourceTitle "playchess.com"]
[Source "ChessBase"]
[SourceQuality "1"]

{[%evp 24,42,37,0,0,-22,0,-39,-23,-253,-28,-267,-82,-127,0,-35,-37,-94,-64,-112,16]} 1. e4 e5 2. Nf3 Nc6 3. Bb5 a6 4. Ba4 Nf6 5. O-O b5 6. Bb3 Bb7 7. Re1 Bc5 8. c3 d6 9. d4 Bb6 10. Bg5 h6 11. Bh4 g5 12. Bg3 O-O 13. Qd3 Nh5 {C78: Ruy Lopez: Archangelsk and Möller Defences} 14. Nbd2 Qf6 {[%cal Re5d4]} 15. dxe5 (15. Bd5 Rae8 16. a4 Nxg3 17. hxg3 exd4 18. axb5 axb5 19. Bxc6 Bxc6 20. Nxd4 Bd7 21. N2f3 {0-1 (41) Dolmatov,S (2620)-Beliavsky,A (2640) Moscow 1990}) 15... dxe5 $146 {Black is slightly better.} ({Predecessor:} 15... Nxe5 16. Nxe5 dxe5 17. Qf3 Qxf3 18. Nxf3 Rfe8 19. Rad1 Nxg3 20. hxg3 Kg7 21. Bd5 {½-½ (41) Astrom,G (2290)-Moberg,K (2300) Sweden 1993}) 16. Nf1 $2 {[#]} (16. Qe2 $11) 16... Rad8 $2 (16... Nxg3 $19 17. hxg3 g4) 17. Bd5 $2 (17. Qc2 $11) 17... Nf4 $2 (17... Nxg3 $19 18. Nxg3 g4) 18. Bxf4 gxf4 ({Better is} 18... exf4 $17 19. e5 Nxe5 20. Rxe5 c6) 19. Qc2 Kh8 20. c4 ({White should play} 20. Qe2 $15) 20... bxc4 {[#] And now ...Nb4 would win.} 21. Qxc4 Rde8 {[%mdl 32768] Accuracy: White =  0%, Black = 38%. . Loss on time!?} (21... Nd4 $17 22. Nxd4 Bxd5 23. exd5 Bxd4) 0-1

[Event "Redbull chessmasters 2019"]
[Site "Istambul"]
[Date "2019.11.24"]
[Round "1.5"]
[White "Kilic, Efe Mert"]
[Black "Ozenir, Ekin Baris"]
[Result "0-1"]
[WhiteElo "2247"]
[BlackElo "2274"]
[Annotator "ChessBase"]
[PlyCount "110"]
[EventDate "2019.11.23"]
[EventType "k.o."]
[EventCountry "TUR"]
[SourceTitle "playchess.com"]
[Source "ChessBase"]
[SourceQuality "1"]
[TimeControl "600+5"]

1. e4 {[%emt 0:04:23]} Nc6 {[%emt 0:00:58]} 2. Nc3 {[%emt 0:00:05]} Nf6 {[%emt 0:00:05]} 3. f4 {[%emt 0:00:05]} d5 {[%emt 0:00:05]} 4. e5 {[%emt 0:00:05]} Nd7 {[%emt 0:00:05]} 5. e6 {[%emt 0:00:05]} fxe6 {[%emt 0:00:05]} 6. d4 {[%emt 0:00:05]} g6 {[%emt 0:00:05]} 7. Nf3 {[%emt 0:00:05]} Bg7 {[%emt 0:00:05]} 8. h4 {[%emt 0:00:05]} Nf6 {[%emt 0:00:05]} 9. Ne5 {[%emt 0:00:11]} Nxe5 {[%emt 0:00:05]} 10. fxe5 {[%emt 0:00:05]} Nh5 {[%emt 0:00:05]} 11. g4 {[%emt 0:00:15]} Ng3 {[%emt 0:00:05]} 12. Rg1 {[%emt 0:00:32]} Nxf1 {[%emt 0:00:50]} 13. Rxf1 {[%emt 0:00:05]} Rf8 {[%emt 0:00:05]} 14. Rxf8+ {[%emt 0:00:05]} Kxf8 {[%emt 0:01:08]} 15. Be3 {[%emt 0:00:45]} Kg8 {[%emt 0:00:30]} 16. Qd2 {[%emt 0:00:20]} c5 {[%emt 0:00:20]} 17. O-O-O {[%emt 0:00:02]} cxd4 {[%emt 0:00:20]} 18. Bxd4 {[%emt 0:00:09]} Bd7 {[%emt 0:00:27]} 19. Kb1 {[%emt 0:00:08]} Qa5 {[%emt 0:00:49]} 20. h5 {[%emt 0:00:21]} Rf8 {[%emt 0:01:03]} 21. hxg6 {[%emt 0:00:16]} hxg6 {[%emt 0:00:07]} 22. Qd3 {[%emt 0:00:05]} Be8 {[%emt 0:00:14]} 23. Rh1 {[%emt 0:00:43]} Rf4 {[%emt 0:01:04]} 24. Qe3 {[%emt 0:00:56]} g5 {[%emt 0:00:34]} 25. Bxa7 {[%emt 0:01:23]} Qa6 {[%emt 0:00:24]} 26. Bc5 {[%emt 0:00:30]} Rf1+ {[%emt 0:00:11]} 27. Rxf1 {[%emt 0:00:01]} Qxf1+ {[%emt 0:00:01]} 28. Qc1 {[%emt 0:00:00]} Qxc1+ {[%emt 0:00:39]} 29. Kxc1 {[%emt 0:00:01]} Bxe5 {[%emt 0:00:02]} 30. Bxe7 {[%emt 0:00:10]} Bf4+ {[%emt 0:00:05]} 31. Kd1 {[%emt 0:00:00]} Bc6 {[%emt 0:00:17]} 32. Ne2 {[%emt 0:00:03]} Be3 {[%emt 0:00:07]} 33. Bf6 {[%emt 0:00:17]} Kf7 {[%emt 0:00:36]} 34. Be5 {[%emt 0:00:04]} Bb5 {[%emt 0:00:14]} 35. c3 {[%emt 0:00:15]} Bc4 {[%emt 0:00:19]} 36. b3 {[%emt 0:00:04]} Bd3 {[%emt 0:00:02]} 37. a4 {[%emt 0:00:00]} Be4 {[%emt 0:00:09]} 38. Bd4 {[%emt 0:00:11]} Bxd4 {[%emt 0:00:20]} 39. Nxd4 {[%emt 0:00:00]} e5 {[%emt 0:00:00]} 40. Nb5 {[%emt 0:00:07]} Ke6 {[%emt 0:00:06]} 41. b4 {[%emt 0:00:13]} Bf3+ {[%emt 0:00:11]} 42. Kd2 {[%emt 0:00:01]} Bxg4 {[%emt 0:00:10]} 43. a5 {[%emt 0:00:00]} Kd7 {[%emt 0:00:02]} 44. Ke3 {[%emt 0:00:04]} Bf5 {[%emt 0:00:15]} 45. Na3 {[%emt 0:00:07]} g4 {[%emt 0:00:07]} 46. b5 {[%emt 0:00:05]} Kc7 {[%emt 0:00:00]} 47. c4 {[%emt 0:00:00]} d4+ {[%emt 0:00:00]} 48. Kf2 {[%emt 0:00:05]} e4 {[%emt 0:00:05]} 49. c5 {[%emt 0:00:00]} e3+ {[%emt 0:00:01]} 50. Ke2 {[%emt 0:00:00]} g3 {[%emt 0:00:04]} 51. Kf3 {[%emt 0:00:01]} e2 {[%emt 0:00:08]} 52. Kxe2 {[%emt 0:00:03]} d3+ {[%emt 0:00:01]} 53. Kf3 {[%emt 0:00:07]} d2 {[%emt 0:00:05]} 54. Ke2 {[%emt 0:00:00]} g2 {[%emt 0:00:00]} 55. Nc4 {[%emt 0:00:00]} d1=Q+ {[%emt 0:00:03]} 0-1

[Event "Redbull chessmasters 2019"]
[Site "Istambul"]
[Date "2019.11.24"]
[Round "1.6"]
[White "Alak, Agdar"]
[Black "Tarlabasi, Emirhan"]
[Result "0-1"]
[WhiteElo "1482"]
[BlackElo "2316"]
[Annotator "TA"]
[PlyCount "36"]
[EventDate "2019.11.23"]
[EventType "k.o."]
[EventCountry "TUR"]
[SourceTitle "playchess.com"]
[Source "ChessBase"]
[SourceQuality "1"]

{[%evp 15,106,18,20,-6,-11,-13,0,-45,-29,-47,-40,-43,-45,-54,-58,-52,-42,-61,-61,-66,-52,-416,1547,-71,-21,-84,-76,-77,-77,-82,-78,-107,-104,-135,-72,-88,-47,-69,-42,-34,0,-27,0,0,0,-63,-60,-106,-121,-103,-120,-128,-143,-161,-146,-120,-115,-150,0,0,0,5,0,0,14,0,13,0,0,-41,0,0,0,0,0,0,0,0,87,0,35,-132,-132,-111,15,-75,-79,-29992,-29993,-29996,-29997,-29997,-1322]} 1. d4 d5 2. c4 e6 3. Nc3 Be7 4. Nf3 Nf6 5. e3 O-O 6. Bd3 b6 7. O-O Bb7 8. cxd5 exd5 9. Bd2 {E14: Queen's Indian: Classical Variation (4 e3)} (9. b3 Nbd7 10. Bb2 a6 11. Ne5 Re8 12. f4 c5 13. Rf3 cxd4 14. exd4 b5 15. Rh3 Nf8 16. Ne2 Ne4 17. Ng3 f6 18. Ng4 Qd7 {0-1 (46) Kovalenko,I (2700)-Ivanchuk,V (2726) Berlin 2015}) 9... c5 10. Rc1 Nc6 11. Bb5 {The position is equal.} Rc8 12. a3 a6 13. Bxc6 Bxc6 14. Ne5 $146 ({Predecessor:} 14. Qe2 c4 15. Ne5 b5 16. Na2 Bb7 {1-0 (46) Turner,M (1838)-Page,M (1805) Bournemouth 2016}) 14... Bb7 15. Ne2 Ne4 16. Ng3 Nxg3 17. hxg3 f6 18. Qb3 $2 {[%mdl 8192]} (18. Nd3 $15) 18... fxe5 {Played: Qd8-d7} 0-1

[Event "Redbull chessmasters 2019"]
[Site "Istambul"]
[Date "2019.11.24"]
[Round "1.7"]
[White "Gunduz, Umut Erdem"]
[Black "Sabahi, Cem"]
[Result "1-0"]
[WhiteElo "2172"]
[BlackElo "1604"]
[Annotator "TA"]
[PlyCount "57"]
[EventDate "2019.11.23"]
[EventType "k.o."]
[EventCountry "TUR"]
[SourceTitle "playchess.com"]
[Source "ChessBase"]
[SourceQuality "1"]

{[%evp 15,57,29,34,35,28,37,69,41,52,47,69,61,58,13,37,21,70,71,189,181,328,328,316,317,304,308,358,343,380,316,317,307,458,443,439,411,431,426,2292,2070,29957,29960,29956,29961]} 1. e4 g6 2. d4 Bg7 3. Nc3 c6 4. f4 d5 5. e5 Nh6 6. Nf3 O-O 7. Bd3 Bg4 8. O-O f6 9. h3 {B15: Caro-Kann: 3 Nc3: 3...g6 and 3...dxe4 4 Nxe4 Nf6 5 Nxf6+ exf6} Bxf3 10. Rxf3 Nf5 $146 ({Predecessor:} 10... e6 11. Ne2 fxe5 12. dxe5 Nd7 13. c3 Qe7 14. Bc2 g5 15. Rg3 gxf4 16. Nxf4 Kh8 17. Rxg7 Qxg7 {1-0 (29) Eljanov,P (2739)-Arnaudov,P (2435) Ohrid 2017}) 11. Ne2 {[%cal Bc3e2,Be2f4,Bf4e6][%mdl 32] White is slightly better.} fxe5 12. fxe5 e6 13. c3 c5 14. Nf4 Qb6 15. Qb3 $36 {[%mdl 2048] aiming for Qxb6. White fights for an advantage.} Qxb3 16. axb3 cxd4 (16... Re8 $16) 17. Nxe6 $18 {[%mdl 64] [#] Double Attack} Rf7 (17... Nc6 {might work better.}) 18. g4 ({Less strong is} 18. Nxd4 Nxd4 19. cxd4 Rxf3 $16) (18. cxd4 Nc6 $16) 18... Nc6 19. gxf5 Nxe5 20. Rg3 Nxd3 21. Rxd3 dxc3 22. Nxg7 Kxg7 23. fxg6 ({Don't take} 23. bxc3 Rxf5 24. Ra5 Kf7 $18) ({Resist} 23. Rxc3 gxf5 24. Be3 a6 $18) 23... hxg6 (23... cxb2 {is a better defense.} 24. Bxb2+ Kxg6 25. Rxd5 b6) 24. bxc3 Rf5 25. Be3 a6 26. Rad1 Rh8 (26... Re8 $142 27. Bc5 Rg5+ 28. Kh1 Kf6 29. Rxd5 Rxd5 30. Rxd5 Re2 31. Bd4+ Kf7) 27. Bd4+ {[%mdl 64] [#] Skewer} Kh7 28. Bxh8 {[%mdl 64] Discovered Attack} Kxh8 29. Rxd5 {Accuracy: White = 67%, Black = 26%.} 1-0

[Event "Redbull chessmasters 2019"]
[Site "Istambul"]
[Date "2019.11.24"]
[Round "1.8"]
[White "Sahin, Handenur"]
[Black "Kalayci, Nino"]
[Result "1-0"]
[WhiteElo "2014"]
[BlackElo "1852"]
[Annotator "NA"]
[PlyCount "109"]
[EventDate "2019.11.23"]
[EventType "k.o."]
[EventCountry "TUR"]
[SourceTitle "playchess.com"]
[Source "ChessBase"]
[SourceQuality "1"]
[TimeControl "600+5"]

1. e4 {[%emt 0:00:44]} e6 {[%emt 0:04:43]} 2. d4 {[%emt 0:00:05]} d5 {[%emt 0:00:05]} 3. Nd2 {[%emt 0:00:05]} Nf6 {[%emt 0:00:05]} 4. e5 {[%emt 0:00:05]} Nfd7 {[%emt 0:00:05]} 5. Bd3 {[%emt 0:00:05]} c5 {[%emt 0:00:05]} 6. c3 {[%emt 0:00:05]} Nc6 {[%emt 0:00:05]} 7. Ne2 {[%emt 0:00:05]} Qb6 {[%emt 0:00:05]} 8. Nf3 {[%emt 0:00:05]} cxd4 {[%emt 0:00:05]} 9. cxd4 {[%emt 0:00:05]} Bb4+ {[%emt 0:00:05]} 10. Bd2 {[%emt 0:00:05]} Bxd2+ {[%emt 0:00:05]} 11. Qxd2 {[%emt 0:00:05]} Qb4 {[%emt 0:00:28]} 12. O-O {[%emt 0:01:04]} Qxd2 {[%emt 0:00:05]} 13. Nxd2 {[%emt 0:00:05]} Nb4 {[%emt 0:00:05] C06: French Tarrasch: 3...Nf6 4 e5 Nfd7 5 Bd3 main lines} 14. Bb1 {[%emt 0:00:05]} f6 {[%emt 0:00:37]} 15. Nf4 $146 {[%emt 0:02:41]} ({Predecessor:} 15. f4 b6 16. a3 Ba6 17. axb4 Bxe2 18. Re1 Bb5 19. exf6 Nxf6 20. Rxe6+ Kf7 21. Re5 {½-½ (62) Kotzem,E (2185)-Roth,L (2156) Dresden 2004}) 15... Kf7 {[%emt 0:00:45]} 16. exf6 {[%emt 0:00:14]} gxf6 {[%emt 0:00:32]} 17. a3 {[%emt 0:00:05]} Nc6 {[%emt 0:00:10]} 18. Nf3 {[%emt 0:00:02]} Nb6 {[%emt 0:00:16]} 19. Ba2 {[%emt 0:01:01]} Bd7 {[%emt 0:00:23]} 20. Rac1 {[%emt 0:00:10]} Rac8 {[%emt 0:00:29]} 21. Nd3 {[%emt 0:00:17]} Rce8 {[%emt 0:02:00]} 22. Nc5 {[%emt 0:00:09]} Bc8 {[%emt 0:00:01]} 23. Rfe1 {[%emt 0:00:11]} Rhg8 {[%emt 0:00:15]} 24. b4 {[%emt 0:01:44]} a6 {[%emt 0:00:05]} (24... Rd8 $14) 25. Nxa6 {[%emt 0:00:32]} Rg4 {[%emt 0:00:09]} 26. Nc7 {[%emt 0:00:26]} Reg8 {[%emt 0:00:01]} 27. g3 {[%emt 0:00:07]} Nxd4 {[%emt 0:00:06]} 28. Nxd4 {[%emt 0:00:10]} Rxd4 {[%emt 0:00:01]} 29. Nb5 {[%emt 0:00:28]} Rd2 {[%emt 0:00:01]} 30. Nd6+ {[%emt 0:00:09]} Ke7 $11 {[%emt 0:00:12]} 31. Nxc8+ {[%emt 0:00:15]} Rxc8 {[%emt 0:00:01]} 32. Rxc8 {[%emt 0:00:09]} Nxc8 {[%emt 0:00:01]} 33. Bb1 {[%emt 0:00:10]} Kd6 {[%emt 0:00:01]} 34. Bxh7 {[%emt 0:00:15]} Ra2 {[%emt 0:00:03]} 35. Re3 {[%emt 0:00:12]} d4 {[%emt 0:00:05]} 36. Rd3 {[%emt 0:00:01]} e5 {[%emt 0:00:01]} 37. Bg8 {[%emt 0:00:05]} Ra1+ {[%emt 0:00:01]} 38. Kg2 {[%emt 0:00:03]} Ne7 {[%emt 0:00:01]} 39. Bc4 {[%emt 0:00:02]} Nc6 {[%emt 0:00:21]} 40. b5 {[%emt 0:00:16]} Ne7 {[%emt 0:00:17]} 41. g4 {[%emt 0:00:05]} Kc5 {[%emt 0:00:09]} 42. Bf7 {[%emt 0:00:06]} e4 {[%emt 0:00:04]} 43. Rd2 {[%emt 0:00:12]} Rxa3 {[%emt 0:00:01]} 44. h4 {[%emt 0:00:04]} Rd3 {[%emt 0:00:08]} 45. Re2 {[%emt 0:00:06]} e3 {[%emt 0:00:08]} 46. fxe3 {[%emt 0:00:04]} dxe3 {[%emt 0:00:00]} 47. Kf3 {[%emt 0:00:02]} Kd4 {[%emt 0:00:00]} 48. h5 {[%emt 0:00:10]} Nc8 {[%emt 0:00:17]} 49. Bg6 {[%emt 0:00:07]} Rc3 {[%emt 0:00:03]} 50. h6 {[%emt 0:00:02]} Nd6 {[%emt 0:00:01]} 51. h7 {[%emt 0:00:07]} Rc8 {[%emt 0:00:05]} 52. Rxe3 {[%emt 0:00:03]} Nc4 {[%emt 0:00:03]} 53. Re4+ {[%emt 0:00:04]} Kd3 {[%emt 0:00:02]} 54. Re8+ {[%emt 0:00:05]} Kd4 {[%emt 0:00:04]} 55. Rxc8 {[%emt 0:00:11]} 1-0

[Event "Redbull chessmasters 2019"]
[Site "Istambul"]
[Date "2019.11.24"]
[Round "1.9"]
[White "Tasdogen, Dincer"]
[Black "Inan, Canberk"]
[Result "1-0"]
[WhiteElo "2301"]
[BlackElo "1941"]
[Annotator "TA"]
[PlyCount "36"]
[EventDate "2019.11.23"]
[EventType "k.o."]
[EventCountry "TUR"]
[SourceTitle "playchess.com"]
[Source "ChessBase"]
[SourceQuality "1"]

{[%evp 16,17,14,7]} 1. Nf3 Nf6 2. g3 e6 3. Bg2 d5 4. O-O Be7 5. d3 O-O 6. Nbd2 c5 7. e4 dxe4 8. dxe4 Nc6 9. c3 {[%mdl 32768] Loss on time!?} {Predecessor:} Qc7 $146 10. Re1 Rd8 11. e5 Nd7 12. Qe2 Nf8 13. h4 h6 14. h5 b6 15. Ne4 a5 16. Bf4 Ba6 17. c4 Rab8 18. Nd6 Nh7 {1-0 (39) Radovanovic,M (2337)-Haria,R (2417) Paracin 2017} 1-0

[Event "Redbull chessmasters 2019"]
[Site "Istambul"]
[Date "2019.11.24"]
[Round "1.13"]
[White "Ererdem, Gani Eren"]
[Black "Alaz, Ahmet Efekan"]
[Result "1-0"]
[WhiteElo "2105"]
[BlackElo "2288"]
[Annotator "ChessBase"]
[PlyCount "75"]
[EventDate "2019.11.23"]
[EventType "k.o."]
[EventCountry "TUR"]
[SourceTitle "playchess.com"]
[Source "ChessBase"]
[SourceQuality "1"]
[TimeControl "600+5"]

1. d4 {[%emt 0:03:07]} d5 {[%emt 0:02:55]} 2. Nf3 {[%emt 0:00:05]} Nf6 {[%emt 0:00:05]} 3. c4 {[%emt 0:00:05]} c6 {[%emt 0:00:05]} 4. Qc2 {[%emt 0:00:05]} g6 {[%emt 0:00:05]} 5. Bf4 {[%emt 0:00:05]} Bg7 {[%emt 0:00:05]} 6. e3 {[%emt 0:00:05]} Bf5 {[%emt 0:00:05]} 7. Qb3 {[%emt 0:00:05]} Qb6 {[%emt 0:00:05]} 8. Nc3 {[%emt 0:00:05]} O-O {[%emt 0:01:20]} 9. c5 {[%emt 0:00:12]} Qxb3 {[%emt 0:00:05]} 10. axb3 {[%emt 0:01:06]} Nbd7 {[%emt 0:00:53]} 11. h3 {[%emt 0:00:15]} Ne4 {[%emt 0:02:16]} 12. b4 {[%emt 0:01:11]} a6 {[%emt 0:00:13]} 13. Be2 {[%emt 0:00:24]} f6 {[%emt 0:01:30]} 14. O-O {[%emt 0:00:24]} e5 {[%emt 0:00:19]} 15. Bh2 {[%emt 0:00:03]} Rfe8 {[%emt 0:00:35]} 16. Rfd1 {[%emt 0:00:28]} Nxc3 {[%emt 0:00:13]} 17. bxc3 {[%emt 0:00:03]} Be6 {[%emt 0:00:16]} 18. Rac1 {[%emt 0:01:25]} Rad8 {[%emt 0:00:04]} 19. Nd2 {[%emt 0:00:13]} f5 {[%emt 0:00:09]} 20. Nb3 {[%emt 0:00:04]} b6 {[%emt 0:00:14]} 21. cxb6 {[%emt 0:00:44]} Nxb6 {[%emt 0:00:07]} 22. Bxa6 {[%emt 0:00:03]} Bc8 {[%emt 0:00:02]} 23. Bf1 {[%emt 0:00:24]} Bb7 {[%emt 0:00:07]} 24. Nc5 {[%emt 0:00:19]} Bc8 {[%emt 0:00:02]} 25. Ra1 {[%emt 0:00:05]} Nd7 {[%emt 0:00:04]} 26. Nxd7 {[%emt 0:00:18]} Bxd7 {[%emt 0:00:01]} 27. Ra7 {[%emt 0:00:09]} Bf6 {[%emt 0:00:12]} 28. dxe5 {[%emt 0:00:16]} Bxe5 {[%emt 0:00:02]} 29. Bxe5 {[%emt 0:00:01]} Rxe5 {[%emt 0:00:00]} 30. c4 {[%emt 0:00:03]} Be6 {[%emt 0:00:12]} 31. b5 {[%emt 0:00:08]} cxb5 {[%emt 0:00:08]} 32. cxb5 {[%emt 0:00:02]} Rb8 {[%emt 0:00:04]} 33. Rc1 {[%emt 0:00:09]} Rc8 {[%emt 0:00:06]} 34. Rxc8+ {[%emt 0:00:07]} Bxc8 {[%emt 0:00:01]} 35. Ra8 {[%emt 0:00:01]} Re8 {[%emt 0:00:08]} 36. b6 {[%emt 0:00:01]} Kf7 {[%emt 0:00:00]} 37. Bb5 {[%emt 0:00:09]} Rd8 {[%emt 0:00:00]} 38. b7 {[%emt 0:00:08]} 1-0

[Event "Redbull chessmasters 2019"]
[Site "Istambul"]
[Date "2019.11.24"]
[Round "1.14"]
[White "Cingoz, Ozan"]
[Black "Olcum, Ahmet"]
[Result "0-1"]
[WhiteElo "2031"]
[BlackElo "2303"]
[Annotator "TA"]
[PlyCount "98"]
[EventDate "2019.11.23"]
[EventType "k.o."]
[EventCountry "TUR"]
[SourceTitle "playchess.com"]
[Source "ChessBase"]
[SourceQuality "1"]

{[%evp 9,98,33,53,22,46,-3,-4,-39,-36,-1,50,52,57,19,28,21,10,17,19,25,104,109,118,77,96,64,108,114,166,139,248,230,293,76,93,118,151,152,122,117,243,232,223,236,300,75,129,101,100,109,135,20,11,-75,-66,-102,0,0,0,0,360,360,316,0,205,-70,-57,-62,9,-54,-43,-106,-110,-110,21,-206,-207,-210,-215,-207,-195,-271,-225,-343,-277,-364,-336,-688,-471,-631,-353]} 1. d4 d6 2. Nc3 g6 3. e4 Bg7 4. Nf3 a6 5. Bg5 h6 6. Bh4 {B06: Modern Defence} b5 7. a3 $146 ({Predecessor:} 7. Bd3 Nd7 8. O-O c5 9. dxc5 Nxc5 10. a4 b4 11. Nd5 Rb8 12. Re1 Bg4 13. h3 Bxf3 14. Qxf3 Bxb2 {1-0 (21) Rublevsky,S (2678)-Romanov,E (2624) Olginka 2011}) 7... Bb7 8. Qe2 {The position is equal.} g5 9. Bg3 e6 (9... g4 $11 10. Nd2 Bxd4) 10. O-O-O $14 Ne7 11. h4 g4 12. Ne1 $36 {[%mdl 2048] Black is under pressure.} h5 13. f3 Nbc6 14. Bf2 g3 (14... f5 $11 {keeps the balance.}) 15. Be3 $16 e5 {[%cal Re5d4]} 16. dxe5 Nxe5 17. Qd2 N7g6 18. Kb1 Rb8 (18... Nxh4 $16 {keeps fighting.} 19. Bg5 Bf6) 19. Rh3 Bc8 (19... Bc6 $16 20. Nd5 (20. Rxg3 Qxh4 21. Rg5 f6 $14) 20... Bxd5 21. Qxd5 Nxh4) 20. Rxg3 $18 Qxh4 21. Bf2 $2 (21. Rg5 $18) 21... Qd8 22. f4 Ng4 23. Bd4 Bxd4 24. Qxd4 c5 (24... Bb7 $16 {was worth a try.}) 25. Qd2 (25. Qxd6 Qxd6 26. Rxd6 Nxf4 $14) 25... b4 26. axb4 $1 Rxb4 27. Nd5 $2 ({Less strong is} 27. Qxd6 Qxd6 28. Rxd6 Nxf4 $16) (27. Rd3 $18 Rb6 28. Nf3 (28. Rxd6 Rxd6 29. Qxd6 Qxd6 $16)) 27... Rd4 ({Black should play} 27... Rxe4 28. Bd3 Rd4) 28. Qe2 Rxd1+ 29. Qxd1 Bb7 30. Nc3 (30. Bc4 $16) 30... Nxf4 $11 31. Qf3 (31. Qd2 $11 Ng6 32. Rd3) 31... Ne6 $17 32. Bc4 Qe7 (32... Ne5 $17 33. Qf1 Qh4) 33. Nd3 $11 Nd4 34. Qf1 O-O $2 {[%mdl 8192]} (34... Rf8 $11) 35. Nf4 $1 $18 {[%cal Rf4h5]} Qg5 {[#]} 36. Nh3 $2 (36. Nxh5 $1 $18 {[%mdl 512]} Qxh5 37. Qf4 (37. Qf6 Bc8 $11)) 36... Qd2 $2 {[#]} (36... Qe5 $11 37. Nf4 Bxe4 38. Nxe4 Qxe4) 37. Qc1 $2 (37. Nf4 $1 $18 {[%cal Rf4h5]} Bxe4 38. Nxh5) 37... Qxc1+ $15 38. Kxc1 Re8 (38... Kh7 $15 39. Nf4 Kh6) 39. Nf2 (39. Nf4 $11 Kf8 40. Nxh5) 39... Bc8 $1 40. Ne2 (40. Nd5 $15 Kf8 41. Nxg4 hxg4 42. c3) 40... Nxe2+ $17 41. Bxe2 {[%cal Rf2g4] [#]} h4 (41... f5 $1 $17 {Threatens to win with ...Kg7.} 42. Nd3 Kg7) 42. Rf3 $2 (42. Rxg4+ $11 {and White stays safe.} Bxg4 43. Nxg4 (43. Bxg4 Kg7 $11)) 42... Nxf2 $19 43. Rxf2 Rxe4 {[%mdl 4096] Endgame KRB-KRB} 44. Bd3 Rg4 45. Kd2 (45. Be2 {was necessary.} Rg5 46. Bf3) 45... Kg7 46. Kc3 (46. Be2 {might work better.} Rg5 47. Bf3) 46... d5 47. b3 a5 48. Bf5 $2 (48. Kd2) 48... Rg3+ 49. Kb2 Be6 {Accuracy: White = 27%, Black = 33%.} 0-1

[Event "Redbull chessmasters 2019"]
[Site "Istambul"]
[Date "2019.11.24"]
[Round "1.15"]
[White "Isik, Esref"]
[Black "Can, Melih Kaan"]
[Result "0-1"]
[WhiteElo "1920"]
[BlackElo "2138"]
[Annotator "TA"]
[PlyCount "62"]
[EventDate "2019.11.23"]
[EventType "k.o."]
[EventCountry "TUR"]
[SourceTitle "playchess.com"]
[Source "ChessBase"]
[SourceQuality "1"]

{[%evp 15,61,19,40,9,-4,-10,60,58,74,53,77,86,79,76,95,78,116,102,101,102,184,119,139,-75,178,137,223,225,333,346,326,327,539,519,629,633,624,625,637,638,856,677,1254,1237,1783,1785,2436,-29999]} 1. e4 c5 2. Nf3 Nc6 3. d4 cxd4 4. Nxd4 e5 5. Nb5 d6 6. N1c3 a6 7. Na3 b5 8. Nd5 Nce7 9. Bd3 {B32: Sicilian: Löwenthal and Kalashnikov Variations} (9. c4 Nxd5 10. exd5 bxc4 11. Nxc4 Be7 12. Bd2 a5 13. Qb3 a4 14. Qb6 Nf6 15. Qxd8+ Kxd8 16. Nb6 Rb8 17. Ba5 Bd7 18. b3 Ke8 19. Nxd7 Kxd7 20. bxa4 Nxd5 {0-1 (56) Vallejo Pons,F (2707)-Anton Guijarro,D (2557) Caleta 2014}) 9... Nxd5 10. exd5 f5 (10... Nf6 $11) 11. c4 $146 {White is slightly better.} ({Predecessor:} 11. O-O Nf6 12. Bg5 Be7 13. Bxf6 Bxf6 14. Qh5+ g6 15. Qd1 e4 16. Bxb5+ axb5 17. Nxb5 Bxb2 {0-1 (27) Cervinka,V (1830)-Hlavacek,K (1970) Klatovy 2001}) 11... Nf6 12. O-O Be7 13. cxb5 O-O 14. bxa6 Nd7 15. b4 {And now b5 would win.} Bxa6 16. Bxa6 Rxa6 17. Nc4 f4 (17... Qb8 $16 {was necessary.}) 18. b5 ({White should play} 18. a4 $18) 18... Ra8 $16 19. f3 $2 {[#]} (19. Bd2 $16 {stays on course.}) 19... Nc5 $2 {[%mdl 8192]} (19... Qc7 $17 20. Qb3 Rfc8) 20. a4 $18 Qe8 (20... Nd7 $16) 21. Bd2 Rf6 (21... e4 {is a better defense.} 22. Bb4 e3) 22. Bb4 Nb7 23. Qd3 Qh5 $2 {[#]} (23... Rh6 24. Nb6 Rb8) 24. Nb6 {White is clearly winning.} Raf8 25. a5 Rh6 26. h3 Bd8 27. Nc4 Rg6 28. Kh1 Rf5 29. a6 Rfg5 30. Rf2 Rxg2 31. axb7 $4 {[%mdl 8192] Accuracy: White = 55%, Black = 12%.} (31. Rxg2 $18 Rg3 32. Rxg3 fxg3 33. Kg2) 31... Qxh3# 0-1